Statistics for 4 Word Kpop Song Title Quiz

Click here to take the quiz!

General Stats

  • This quiz has been taken 2,028 times
  • The average score is 10 of 18

Answer Stats

Artist1st2nd3rdLast Word% Correct
BTSBloodSweatAndTears
99%
NCT DreamMyFirstAndLast
89%
TiffanyIJustWannaDance
83%
2ne1IAmTheBest
82%
SNSDIGotABoy
78%
B.A.P.YoungWildAndFree
76%
SPEEDLookAtMeNow
73%
AileeMindYourOwnBusiness
67%
Big BangWeLike2Party
63%
SHINeeMarriedToTheMusic
59%
Block BAFewYearsLater
44%
Red VelvetOneOfTheseNights
44%
LizzyNotAnEasyGirl
30%
EXOLetOutTheBeast
29%
TripleT x JYPBornToBeWild
28%
MadtownOhMyGodThanks
14%
HeizeShutUpAndGroove
10%
VIXXLightUpTheDarkness
7%

Score Distribution

Percentile by Number Answered

Percent of People with Each Score

Your Score History

You have not taken this quiz